[Event "HUN-chT2 Barcza 1819"]
[Site "Hungary"]
[Date "2018.11.18"]
[Round "6.8"]
[White "Hidegh, Lajos"]
[Black "Tumo, Bence"]
[Result "1/2-1/2"]
[WhiteElo "1889"]
[BlackElo "1863"]
[PlyCount "85"]
[EventDate "2018.09.23"]
[EventType "team-tourn"]
[EventRounds "11"]
[EventCountry "HUN"]
[SourceTitle "CBM 189 Extra"]
[Source "ChessBase"]
[SourceDate "2019.06.03"]
[SourceVersion "1"]
[SourceVersionDate "2019.06.03"]
[SourceQuality "1"]
[WhiteTeam "Kazincbarcika"]
[BlackTeam "Nyiregyhaza"]
[WhiteTeamCountry "HUN"]
[BlackTeamCountry "HUN"]

1. e4 c5 2. f4 e6 3. Nf3 Nc6 4. c3 d5 5. e5 d4 6. d3 Nge7 7. Nbd2 Ng6 8. Ne4 Be7 9. g3 b6 10. Bg2 0-0 11. h4 f5 12. Nf2 dxc3 13. bxc3 Qd7 14. h5 Nh8 15. h6 g6 16. Be3 Rd8 17. c4 Nb4 18. Ke2 Bb7 19. a3 Nc6 20. Rh2 Nf7 21. g4 Bf8 22. g5 a6 23. Rb1 b5 24. Qc2 b4 25. axb4 Nxb4 26. Qc3 Rab8 27. Nd2 Bxg2 28. Rxg2 Na2 29. Qa3 Rxb1 30. Nxb1 Qb7 31. Qxa2 Qxg2 32. Qxa6 Rb8 33. Nd2 Nd8 34. Qa3 Ra8 35. Qb2 Nc6 36. Qb1 Nb4 37. Qh1 Qxh1 38. Nxh1 Ra3 39. Nf2 Kf7 40. Nb1 Ra2+ 41. Bd2 Be7 42. Nc3 Ra1 43. Nb5 1/2-1/2

[Event "Puspokladany Arnoth Memorial 11th"]
[Site "Puspokladany"]
[Date "2018.07.25"]
[Round "1"]
[White "Varga, Marcell1111"]
[Black "Tumo, Bence"]
[Result "0-1"]
[WhiteElo "1999"]
[BlackElo "1826"]
[PlyCount "112"]
[EventDate "2018.07.25"]
[EventType "swiss"]
[EventRounds "9"]
[EventCountry "HUN"]
[SourceTitle "CBM 186 Extra"]
[Source "ChessBase"]
[SourceDate "2018.08.24"]
[SourceVersion "1"]
[SourceVersionDate "2018.08.24"]
[SourceQuality "1"]

1. e4 e5 2. Nc3 Nf6 3. Bc4 Nc6 4. d3 Bc5 5. Nf3 d6 6. Ne2 Bg4 7. Ng3 Nd4 8. c3 Nxf3+ 9. gxf3 Bh3 10. Rg1 Qd7 11. Bg5 0-0-0 12. Qe2 c6 13. 0-0-0 d5 14. Bb3 d4 15. Rge1 h6 16. Bd2 g5 17. cxd4 Bxd4 18. Bc3 Kb8 19. Bxd4 exd4 20. Kb1 Rhe8 21. Rc1 Re7 22. Qd2 Qd6 23. Qa5 Re5 24. Qd2 Re7 25. Rc4 Nd7 26. Ne2 Ne5 27. Rxd4 Nxf3 28. Rxd6 Nxd2+ 29. Kc2 Rxd6 30. Kxd2 Rxe4 31. Bxf7 Bg4 32. Nc1 Rxe1 33. Kxe1 Rf6 34. Bc4 Be6 35. Ke2 Bxc4 36. dxc4 Rf4 37. b3 Rh4 38. Kf3 Rxh2 39. Ne2 Kc7 40. Kg3 Rh1 41. Nd4 Ra1 42. a4 Rb1 43. Kg4 Kb6 44. Kh5 Rf1 45. Kxh6 Rxf2 46. Kxg5 c5 47. Nb5 Rf3 48. a5+ Kxa5 49. Nxa7 Kb4 50. Nb5 Kxb3 51. Nd6 b6 52. Nc8 Kxc4 53. Nxb6+ Kb5 54. Kg4 Rf1 55. Nd5 c4 56. Ne3 Rf8 0-1

[Event "HUN-chT2 Barcza 1617"]
[Site "Hungary"]
[Date "2017.03.12"]
[Round "10.10"]
[White "Runda, Mate Bence"]
[Black "Tumo, Bence"]
[Result "1/2-1/2"]
[WhiteElo "1861"]
[BlackElo "1844"]
[PlyCount "21"]
[EventDate "2016.09.25"]
[EventType "team-tourn"]
[EventRounds "11"]
[EventCountry "HUN"]
[SourceTitle "EXT 2021"]
[Source "ChessBase"]
[SourceDate "2020.10.23"]
[SourceVersion "1"]
[SourceVersionDate "2020.10.23"]
[SourceQuality "1"]
[WhiteTeam "Lillafured DVTK II"]
[BlackTeam "Tiszavasvar"]
[WhiteTeamCountry "HUN"]
[BlackTeamCountry "HUN"]

1. e4 c5 2. Nf3 Nc6 3. Bb5 g6 4. 0-0 Bg7 5. c3 d6 6. h3 Bd7 7. d4 cxd4 8. cxd4 Qb6 9. Bxc6 Bxc6 10. Nc3 Nf6 11. Re1 1/2-1/2

[Event "HUN-chT2 Barcza 1415"]
[Site "Hungary"]
[Date "2015.03.07"]
[Round "?"]
[White "Tumo, Bence"]
[Black "Kemendi, Daniel"]
[Result "1-0"]
[WhiteElo "1630"]
[BlackElo "1847"]
[PlyCount "59"]
[EventDate "2014.09.07"]
[EventType "team-tourn"]
[EventRounds "11"]
[EventCountry "HUN"]
[SourceTitle "EXT 2016"]
[Source "ChessBase"]
[SourceDate "2015.10.08"]
[SourceVersion "1"]
[SourceVersionDate "2015.10.08"]
[SourceQuality "1"]
[WhiteTeam "Piremon"]
[BlackTeam "Miskolc Sakkiskola"]
[WhiteTeamCountry "HUN"]
[BlackTeamCountry "HUN"]

1. d4 Nf6 2. Nf3 d5 3. c4 dxc4 4. g3 c6 5. Bg2 Bf5 6. a4 e6 7. 0-0 Bb4 8. Ne5 Nbd7 9. Nxc4 Nb6 10. Ne5 h6 11. a5 Nbd5 12. a6 Qc7 13. axb7 Qxb7 14. Qa4 0-0 15. Nxc6 a5 16. Ne5 Rfc8 17. Na3 Qb6 18. e3 Rab8 19. Nac4 Qc7 20. f4 Bd3 21. Nxd3 Qxc4 22. Ne5 Qe2 23. Nc6 Nxe3 24. Bxe3 Qxe3+ 25. Kh1 Rb6 26. Rac1 Kh8 27. Rc2 Qd3 28. Nxb4 Rxb4 29. Rxc8+ Kh7 30. Qc2 1-0